000 00306nam a22001457a 4500
008 231102b ||||| |||| 00| 0 eng d
020 _a9780964350403
041 _aeng
080 _a53
082 _a53GLE
100 _a23
101 _aFIZIK
245 _aWHO IS FOURIER
_cGLEASON.A
942 _2udc
_cBK
999 _c60487
_d60487